000 00555nam a22001937a 4500
003 KOHA_MİRAKIL
005 20251224130806.0
008 251224b tu ||||| |||| 00| 0 tur d
020 _a9786054907939
040 _aTR-AnABB
_btur
_cTR-AnABB
041 _atur
082 _a819.1009
_bKEL 2021
100 1 _aKeleş, Reyhan,
245 1 0 _aDivan şiirinde ayet ve hadis iktibasları /
_cReyhan Keleş
260 _aİstanbul :
_bKitabevi Yayınları,
_c2021
300 _a455 sayfa ;
_c22 cm
650 0 4 _aDivan edebiyatı
942 _2ddc
_cBK
999 _c9917
_d9917
900 _bGizem YORULMAZ